000 00465nam a22001817a 4500
005 20260226100109.0
008 260226b |||||||| |||| 00| 0 eng d
020 _a978-1-85326 -023-0
050 _aPZ 5397 .S54 199
_b1
100 _aSHELLEY MARY
245 _aFRANKENSTEIN
260 _aWARE , HERTFORDSHIRE
_bWORDWORTH
_c1999
300 _aXXIV , 175P
500 _aINCLUIDES NOTES
650 _aFRAQNKENSTEIN
700 _aSHELLEY MARY
942 _2lcc
_cBK
999 _c216686
_d216686